Missing Word: Hockey Hall of Fame (A-Z) Quiz Stats

 Plays Quiz Updated Dec 4, 2016

Support Sporcle.
Go Orange.
Score 0/24 Timer 03:00
0 Plays Today
Hint Answer % Correct
_____ GretzkyWayne
96.7%
_____ HoweGordie
89%
_____ MessierMark
85.8%
Bobby _____Orr
85.3%
_____ CoffeyPaul
77.4%
Bobby _____Hull
74.4%
_____ SakicJoe
74.4%
Steve _____Yzerman
73.5%
Phil _____Esposito
69.7%
Patrick _____Roy
65.9%
_____ EspositoTony
64.8%
Cam _____Neely
61.2%
Hint Answer % Correct
Pat _____Quinn
59.4%
_____ SavardDenis
59.3%
_____ RobinsonLarry
58.9%
_____ ShuttSteve
54.8%
Ron _____Francis
44.6%
Red _____Kelly
41.2%
_____ SmithBilly
40.9%
Rogie _____Vachon
38.3%
Norm _____Ullman
29.2%
Dick _____Irvin
29.1%
George _____Armstrong
20.7%
Bun _____Cook
14.1%

Today's Daily Dose

You're not logged in!

Compare scores with friends on all Sporcle quizzes.
OR
Log In

From the Vault

5 Books Per Century II

by awesomeness365

If you're only going to read five books each century, read Vonnegut.
Remove Ads.
Support Sporcle.
Get the best of Sporcle when you Go Orange. This ad-free experience offers more features, more stats, and more fun while also helping to support Sporcle. Thank you for becoming a member.

Show Comments

Extras

Top Quizzes Today


Score Distribution

Your Account Isn't Verified!

In order to create a playlist on Sporcle, you need to verify the email address you used during registration. Go to your Sporcle Settings to finish the process.

Report this User

Report this user for behavior that violates our Community Guidelines.

Details: